| 000 | 00748nam a2200217 i 4500 | ||
|---|---|---|---|
| 001 | 133914 | ||
| 003 | ES-MaACL | ||
| 005 | 20231229062546.0 | ||
| 007 | t| | ||
| 008 | 070903s1959 sp ||||1| spa d | ||
| 100 | 1 |
_aWallace, Edgar. _9115946 |
|
| 245 | 1 | 0 |
_aNovelas de acción / _cEdgar Wallace ; introducción de F. S. R. |
| 260 |
_aMadrid : _bAguilar, _c1959. |
||
| 300 |
_a1138 p. : _b1 retr. autor ; _c18 cm. |
||
| 490 | 1 | _aEl lince astuto | |
| 505 | 8 | _aLa esmeralda cuadrada ; Penélope del "Polyantha" ; ¡Ya lo veremos! ; Los dos ases ; El falsificador | |
| 700 | 1 |
_aSainz de Robles, Federico Carlos, _d1898-1982 _9101593 |
|
| 830 | 0 |
_aEl lince astuto _9186549 |
|
| 852 |
_aES-MaACL _jP-785 (3) _bR.41224 |
||
| 999 |
_c133914 _d133914 |
||